| 000 | 01055cam a2200325 a 4500 | ||
|---|---|---|---|
| 001 | 12402873 | ||
| 003 | NUST - PNEC | ||
| 005 | 20170116181133.0 | ||
| 008 | 010105s2000 ii b 001 0 eng | ||
| 010 | _a 00411308 | ||
| 020 | _a0670911038 | ||
| 025 | _aI-E-00-411308; 56-92 | ||
| 035 | _a(DLC) 00411308 | ||
| 037 |
_bLibrary of Congress -- New Delhi Field Office _cRs495.00 |
||
| 040 |
_aDLC _cLIBRARY _dDLC |
||
| 042 | _alcode | ||
| 043 | _aa-ii--- | ||
| 050 | 0 | 0 |
_aDS425 _b.E27 2000 |
| 082 | 0 | 0 |
_a954.02 ERA _221 |
| 100 | 1 | _aEraly, Abraham. | |
| 245 | 1 | 0 |
_aGem in the lotus :the seeding of Indian civilisation _cAbraham Eraly. |
| 260 |
_aNew Delhi ; _aNew York : _bViking, _cc.2000 |
||
| 300 |
_aviii, 586 p. ; _c23 cm. |
||
| 504 | _aIncludes bibliographical references (p. [564]-569) and index. | ||
| 650 |
_914119 _aGem in the lotus _xGeneral |
||
| 651 | 0 |
_aIndia _xCivilization _yTo 1200. |
|
| 906 |
_a7 _bcbc _corigode _d3 _encip _f20 _gy-gencatlg |
||
| 942 |
_2ddc _cBK |
||
| 999 |
_c70094 _d70094 |
||